banner-ar

MECHANICS OF HUMAN GOINTS: PHYISOLOGY, PATHOPHYSIOLOGY AND TREATMENT / (Record no. 23502)

MARC details
000 -الفاتح
حقل البيانات ثابتة الطول 00544nam a2200193Ia 4500
008 - عناصر البيانات ثابتة الطول - معلومات عامة
حقل البيانات ثابتة الطول 140319s9999 xx 000 0 eng d
040 ## - مصدر الفهرسة
وكالة الفهرسة الأصلية GCL /
وكالة النسخ GCL
082 04 - رقم تصنيف ديوى العشرى
رقم التصنيف 616.7
رقم المادة W M
100 1# - المدخل الرئيسى - إسم شخصى
الإسم الشخصى WRIGHT, VERNE.
245 10 - بيان العنوان
العنوان MECHANICS OF HUMAN GOINTS: PHYISOLOGY, PATHOPHYSIOLOGY AND TREATMENT /
بيان المسئوليه,etc WRIGHT, VERNE.
700 1# - المدخل الاضافى - اسم شخصى
الإسم الشخصى RADIN, ERICL
260 ## - PUBLICATION, DISTRIBUTION, ETC. (IMPRINT)
تاريخ النشر أو التوزيع 1993
300 ## - الوصف المادى
التعداد 465
650 04 - المدخل الاضافى بالموضوع-مصطلح موضوعى
مصطلح موضوعي HUMAN MECHANICS
650 04 - المدخل الاضافى بالموضوع-مصطلح موضوعى
مصطلح موضوعي GOINTS - PHYSIOLOGY
650 04 - المدخل الاضافى بالموضوع-مصطلح موضوعى
مصطلح موضوعي GOINTS - DISEASES
942 ## - عناصر المدخل الإضافي( كوها)
مصدر التصنيف او مخطط الترفيف Dewey Decimal Classification
Koha [default] item type كتاب
260 ## - PUBLICATION, DISTRIBUTION, ETC. (IMPRINT)
-- [S.N] :
-- MARCEL DEKKER, INC ،
Holdings
حالة التراجع حالة الفقد حالة تلف ليس للاعارة المكان المؤقت الموقع الحالى تاريخ الاكتساب اجمالي اﻻعارات رقم الطلب الباركود تاريخ اخر مشاهدة تاريخ تفعيل السعر نوع وعاء كوها
        مكتبة القاهرة الكبرى مكتبة القاهرة الكبرى 03/26/2014   616.7\W M 41901 03/26/2014 03/26/2014 كتاب

Powered By

EGPV